| 000 | 00798cam a2200277 i 4500 | ||
|---|---|---|---|
| 999 |
_c533889 _d533889 |
||
| 001 | 835746 | ||
| 003 | NUST | ||
| 005 | 20200123122612.0 | ||
| 008 | 770415s1976 enka 000 0beng | ||
| 010 | _a 77354805 | ||
| 015 | _aGB76-25865 | ||
| 020 |
_a0718115120 : _c£3.50 |
||
| 038 | _aMSOHAIL | ||
| 040 |
_aDLC _cDLC _dDLC |
||
| 043 | _ae-uk--- | ||
| 050 | 0 | 0 |
_aSF613.H44 _bA383 1976 |
| 082 | 0 | 0 |
_a636.0890924 _aB |
| 100 | 1 |
_aHerriot, James. _910864 |
|
| 245 | 1 | 0 |
_aVets might fly / _c[by] James Herriot ; drawings by Larry. |
| 260 |
_aLondon : _bJoseph, _c1976. |
||
| 300 |
_a255 p. : _bill. ; _c22 cm. |
||
| 600 | 1 | 0 |
_aHerriot, James. _910864 |
| 650 | 0 |
_aVeterinarians _zEngland _zYorkshire _xBiography. _910865 |
|
| 906 |
_a7 _bcbc _corignew _d3 _encip _f19 _gy-gencatlg |
||
| 942 |
_2ddc _cBK |
||